| 000 | 00713cam a2200229 a 4500 | ||
|---|---|---|---|
| 001 | 1053522 | ||
| 005 | 20171214075809.0 | ||
| 008 | 900213s1990 enkaf b 001 0 eng | ||
| 010 | _a 90032565 | ||
| 020 |
_a0198226519 : _c$29.95 |
||
| 040 |
_aDLC _cDLC _dDLC |
||
| 041 | _aeng | ||
| 043 |
_ae-uk--- _ae-uk-en |
||
| 080 | _a306.890942 STO | ||
| 082 | 0 | 0 |
_a306.890942 STO _220 |
| 100 | 1 | _a50 | |
| 101 | _aSOC | ||
| 245 | 1 | 0 |
_aRoad to divorce : _cby Lawrence Stone. |
| 906 |
_a7 _bcbu _corignew _d1 _eocip _f19 _gy-gencatlg |
||
| 942 |
_2ddc _cBK |
||
| 999 |
_c38947 _d38947 |
||